000
00353nam a2200157Ia 4500
100
_a
Feller W.
490
_v
II
942
_c
BK
654
_a
Probablity
245
_a
An Intrd. to Probablity Theory & Its Applications .II
260
_b
Wiley eastern
_a
New Delhi
_c
1991
082
_a
519.2
_b
PAN
300
_a
461
546
_a
ENGLISH
999
_c
31361
_d
31361